[Event "HUN-chT2 Barcza 0405"]
[Site "Hungary"]
[Date "2005.01.23"]
[Round "6"]
[White "Levai, Gergo"]
[Black "Kovacs, Jozsef"]
[Result "0-1"]
[WhiteElo "1985"]
[BlackElo "2112"]
[PlyCount "110"]
[EventDate "2004.09.26"]
[EventType "team-tourn"]
[EventRounds "11"]
[EventCountry "HUN"]
[SourceTitle "EXT 2009"]
[Source "ChessBase"]
[SourceDate "2008.11.26"]
[SourceVersion "1"]
[SourceVersionDate "2008.11.26"]
[SourceQuality "1"]
[WhiteTeam "Tiszaujvaros"]
[BlackTeam "Karcag"]
[WhiteTeamCountry "HUN"]
[BlackTeamCountry "HUN"]

1. e4 g6 2. d4 Bg7 3. c4 d6 4. Nc3 Nd7 5. Be3 Ngf6 6. f3 e5 7. Nge2 Nb6 8. b3 0-0 9. Qd2 Nbd7 10. Rd1 Qe7 11. h4 exd4 12. Nxd4 Ne5 13. Bg5 Qd7 14. Be2 Nh5 15. Kf2 f6 16. Be3 f5 17. exf5 gxf5 18. f4 Ng4+ 19. Bxg4 fxg4 20. g3 Qf7 21. Kg2 Bd7 22. Rhf1 Rae8 23. Kh2 Qg6 24. Ndb5 Bxc3 25. Nxc3 Nf6 26. Nd5 Nxd5 27. cxd5 a6 28. Rfe1 Re4 29. Bd4 Rfe8 30. Rc1 Bb5 31. Rxe4 Rxe4 32. Re1 Qe8 33. Rxe4 Qxe4 34. Bc3 Kf7 35. Qd4 Qxd4 36. Bxd4 Bd3 37. Ba7 Ke7 38. Bd4 Be4 39. Kg1 Bxd5 40. Kf2 Ke6 41. Ke3 Bf3 42. b4 Bd1 43. a3 Bc2 44. Kd2 Bf5 45. a4 Kd5 46. Bf6 Kc4 47. Bd8 Be6 48. Bxc7 Kxb4 49. Bxd6+ Kxa4 50. Kc3 a5 51. Bc5 b5 52. Kb2 b4 53. Bd4 Kb5 54. Be5 Kc4 55. h5 Kd3 0-1

[Event "HUN-chT2 Erkel 0405"]
[Site "Hungary"]
[Date "2004.12.05"]
[Round "4"]
[White "Hevesi, Zoltan"]
[Black "Kovacs, Jozsef"]
[Result "1/2-1/2"]
[WhiteElo "2163"]
[BlackElo "2169"]
[PlyCount "45"]
[EventDate "2004.09.26"]
[EventType "team-tourn"]
[EventRounds "11"]
[EventCountry "HUN"]
[SourceTitle "EXT 2009"]
[Source "ChessBase"]
[SourceDate "2008.11.26"]
[SourceVersion "1"]
[SourceVersionDate "2008.11.26"]
[SourceQuality "1"]
[WhiteTeam "Fuzesabony"]
[BlackTeam "Garancia"]
[WhiteTeamCountry "HUN"]
[BlackTeamCountry "HUN"]

1. d4 d5 2. Nf3 Nf6 3. c4 c6 4. Nc3 e6 5. g3 Nbd7 6. cxd5 exd5 7. Bg2 Bb4 8. 0-0 0-0 9. a3 Bxc3 10. bxc3 Nb6 11. Bg5 Re8 12. Qc2 Nc4 13. Rfe1 h6 14. Bxf6 Qxf6 15. e4 dxe4 16. Rxe4 Bf5 17. Rxe8+ Rxe8 18. Qa4 Bg4 19. Ne5 Nxe5 20. dxe5 Qe6 21. Rb1 Qf5 22. Qb4 b6 23. Be4 1/2-1/2

[Event "HUN-chT2 Toth 0304"]
[Site "Hungary"]
[Date "2004.03.21"]
[Round "9"]
[White "Kovacs, Jozsef"]
[Black "Pallos, Laszlo"]
[Result "1-0"]
[WhiteElo "2144"]
[BlackElo "2187"]
[PlyCount "123"]
[EventDate "2003.09.28"]
[EventType "team-tourn"]
[EventRounds "11"]
[EventCountry "HUN"]
[SourceTitle "EXT 2009"]
[Source "ChessBase"]
[SourceDate "2008.11.26"]
[SourceVersion "1"]
[SourceVersionDate "2008.11.26"]
[SourceQuality "1"]
[WhiteTeam "Karcag"]
[BlackTeam "Szentes"]
[WhiteTeamCountry "HUN"]
[BlackTeamCountry "HUN"]

1. e4 e5 2. Nf3 Nc6 3. d4 exd4 4. Nxd4 Qh4 5. Nxc6 Qxe4+ 6. Be2 dxc6 7. 0-0 Bd6 8. Nc3 Qh4 9. g3 Qe7 10. Bc4 Be6 11. Re1 0-0-0 12. Bxe6+ fxe6 13. Qg4 Re8 14. Be3 Nf6 15. Qa4 a6 16. Qb3 e5 17. Na4 Qe6 18. Qxe6+ Rxe6 19. c4 Ng4 20. c5 Be7 21. Bd2 Re8 22. Re2 Bf8 23. Rae1 Nf6 24. b4 h6 25. a3 Nd5 26. Nc3 g5 27. Ne4 Bg7 28. Bc1 Ne7 29. Bb2 Nf5 30. Nd2 Kd7 31. Kg2 Nd4 32. Re4 b6 33. Nc4 bxc5 34. bxc5 h5 35. h3 Nc2 36. R1e2 Nd4 37. Rd2 Rb8 38. Nxe5+ Bxe5 39. Bxd4 Bxd4 40. Rexd4+ Ke8 41. Ra4 Rb5 42. Rxa6 Rxc5 43. Ra8+ Ke7 44. a4 Ree5 45. Ra7 Red5 46. Ra2 Kd7 47. a5 Rc1 48. Rb7 Rdd1 49. Rbb2 g4 50. hxg4 hxg4 51. Rd2+ Ke6 52. Rxd1 Rxd1 53. Ra3 Kf5 54. a6 Rd8 55. Kf1 Ra8 56. Ke2 Ke5 57. Kd3 Rd8+ 58. Kc3 Ra8 59. a7 Kf5 60. Kc4 Ke6 61. Kc5 Kd7 62. Ra2 1-0

[Event "Salgotarjan op"]
[Site "Salgotarjan"]
[Date "2004.03.07"]
[Round "7"]
[White "Kovacs, Jozsef"]
[Black "Schubert, Gyula"]
[Result "1/2-1/2"]
[WhiteElo "2146"]
[BlackElo "2172"]
[PlyCount "77"]
[EventDate "2004.03.04"]
[EventType "swiss"]
[EventRounds "7"]
[EventCountry "HUN"]
[SourceTitle "EXT 2008"]
[Source "ChessBase"]
[SourceDate "2007.11.25"]
[SourceVersion "1"]
[SourceVersionDate "2007.11.25"]
[SourceQuality "1"]

1. d4 Nf6 2. c4 g6 3. Nc3 Bg7 4. e4 d6 5. Be2 0-0 6. Bg5 Nbd7 7. Qd2 c6 8. Nf3 e5 9. Rd1 Re8 10. d5 Qa5 11. dxc6 bxc6 12. 0-0 Bf8 13. Ne1 Rb8 14. b3 Qb6 15. Kh1 Be7 16. h3 Bb7 17. Be3 Nc5 18. Bf3 a5 19. Na4 Qc7 20. Bxc5 dxc5 21. Nd3 Rbd8 22. Qc3 Rd4 23. Ndxc5 Red8 24. Nxb7 Bb4 25. Qc1 Qxb7 26. Rxd4 Rxd4 27. Nc3 Qd7 28. a3 Bc5 29. Na4 Bf8 30. Qc3 Qd8 31. c5 Nxe4 32. Bxe4 Rxe4 33. Nb6 Qd4 34. Qxa5 Bxc5 35. Nc4 Qd3 36. Nd2 Re2 37. Qxc5 Rxd2 38. Kg1 Qxb3 39. Qxe5 1/2-1/2